Read and gorw with Bruno: (Record no. 59153)

MARC details
000 -LEADER
fixed length control field 01953nam a22002897a 4500
005 - DATE AND TIME OF LATEST TRANSACTION
control field 20111208164817.0
010 ## - LCCN (DPL NO)
LC control number B-470858-865
020 ## - INTERNATIONAL STANDARD BOOK NUMBER
International Standard Book Number 9788179631461
Terms of availability 175.00
035 ## - SYSTEM CONTROL NUMBER
System control number B-470858-865
037 ## - SOURCE OF ACQUISITION
Source of stock number/acquisition Blueberry Books/Ven
082 ## - DEWEY DECIMAL CLASSIFICATION NUMBER
Classification number S
245 ## - TITLE STATEMENT
Title Read and gorw with Bruno:
Remainder of title Brunos' green story book ( age 2-6)
260 ## - PUBLICATION, DISTRIBUTION, ETC. (IMPRINT)
Place of publication, distribution, etc Mumbai
Name of publisher, distributor, etc Shree Books Centre
Date of publication, distribution, etc 201?
270 ## - ADDRESS
City Mumbai
Postal code 400016
300 ## - PHYSICAL DESCRIPTION
Extent unpaged
Dimensions 23 cm (Hb)
490 ## - SERIES STATEMENT
Series statement
-- 52671
942 ## - ADDED ENTRY ELEMENTS (KOHA)
Source of classification or shelving scheme Dewey Decimal Classification
Item type Children Books
Call number suffix REA
Classification part S
Holdings
Withdrawn status Lost status Not for loan Collection code Home library Current library Date acquired Source of acquisition Cost, normal purchase price Full call number Barcode Copy number Cost, replacement price Koha item type Public note
      Fiction Central Library Central Library 27/09/2012 Blue Berry/IN8226/24.03.2012/43/20.03.2012/29.03.2012 175.00 S REA B-470858 1 175.00 Children Books  
  Written-off vide DLB M. No. 383 dt 16.05.19   Fiction Janak Puri Janak Puri 27/09/2012 Blue Berry/IN8226/24.03.2012/43/20.03.2012/29.03.2012 175.00 S REA B-470862 1 175.00 Children Books  
Written off     Fiction Karol Bagh Karol Bagh 27/09/2012 Blue Berry/IN8226/24.03.2012/43/20.03.2012/29.03.2012 175.00 S REA B-470863 1 175.00 Children Books Written off on approval by DLB (By Circulation); dtd 15-06-2023
      Fiction Kasturba Gandhi Marg Kasturba Gandhi Marg 27/09/2012 Blue Berry/IN8226/24.03.2012/43/20.03.2012/29.03.2012 175.00 S REA B-470860 1 175.00 Children Books  
Written off Written-off vide DLB M. No. 388 dt 23.02.22   Fiction New Rohtak Road New Rohtak Road 27/09/2012 Blue Berry/IN8226/24.03.2012/43/20.03.2012/29.03.2012 175.00 S REA B-470864 1 175.00 Children Books  
  Written-off vide DLB M. No. 383 dt 16.05.19   Fiction Patel Nagar Patel Nagar 27/09/2012 Blue Berry/IN8226/24.03.2012/43/20.03.2012/29.03.2012 175.00 S REA B-470859 1 175.00 Children Books  
  Written-off vide DLB M. No. 383 dt 16.05.19   Fiction Peshwa Road Peshwa Road 27/09/2012 Blue Berry/IN8226/24.03.2012/43/20.03.2012/29.03.2012 175.00 S REA B-470861 1 175.00 Children Books  
      Fiction Shahdara Branch Shahdara Branch 27/09/2012 Blue Berry/IN8226/24.03.2012/43/20.03.2012/29.03.2012 175.00 S REA B-470865 1 175.00 Children Books  

© Delhi Public Library
Hit Counter
free hit counter